Những kỹ năng nghiệp vụ quan trọng cần biết đối với cán bộ đoàn thanh niên
Sách gồm 5 phần với các nội dung chính: lịch sử phát triển Đoàn Thanh niên Cộng sản Hồ Chí Minh; nghiệp vụ và kỹ năng thanh niên, đoàn viên thanh niên cần có; mẫu văn bản dùng trong công tác đoàn;...
Saved in:
| Format: | Book |
|---|---|
| Language: | Undetermined |
| Published: |
Hà Nội
Thời đại
2012
|
| Subjects: | |
| Tags: |
Add Tag
No Tags, Be the first to tag this record!
|
| Institutions: | Trung tâm Học liệu Trường Đại học Cần Thơ |
|---|
| LEADER | 01045nam a2200205Ia 4500 | ||
|---|---|---|---|
| 001 | CTU_185709 | ||
| 008 | 210402s9999 xx 000 0 und d | ||
| 020 | |c 325000 | ||
| 082 | |a 324.2597075 | ||
| 082 | |b Nh556 | ||
| 245 | 0 | |a Những kỹ năng nghiệp vụ quan trọng cần biết đối với cán bộ đoàn thanh niên | |
| 245 | 0 | |c Thuỳ Linh, Việt Trinh (Sưu tầm và hệ thống hoá) | |
| 260 | |a Hà Nội | ||
| 260 | |b Thời đại | ||
| 260 | |c 2012 | ||
| 520 | |a Sách gồm 5 phần với các nội dung chính: lịch sử phát triển Đoàn Thanh niên Cộng sản Hồ Chí Minh; nghiệp vụ và kỹ năng thanh niên, đoàn viên thanh niên cần có; mẫu văn bản dùng trong công tác đoàn;... | ||
| 650 | |a Socialism and youth,Chủ nghĩa xã hội và thanh niên | ||
| 650 | |z Vietnam,Việt nam | ||
| 910 | |a Trần Thị Tuyết Vân,Hải | ||
| 980 | |a Trung tâm Học liệu Trường Đại học Cần Thơ | ||